Statistiques concernant Créatures dans Harry Potter & Les Animaux Fantastiques

Cliquez ici pour prendre le quiz!

Statistiques générales

  • Ce quiz a été pris 232 fois
  • Le résultat moyen est 7 sur 25

Statistiques - réponses

Hint Answer % Correct
Pleine LuneLoup-Garou
78%
GringottsGobelin
71%
PlacardEpouvantard
59%
CalèchesSombral
51%
RichesseNiffleur
49%
HéritierBasilic
47%
ChaussetteElfe de maison
46%
JardinGnome
32%
RespectHippogriffe
31%
Sorbet citronPhénix
30%
Mart de théSinistros
26%
ChocolatDétraqueur
23%
QuestionSphinx
20%
BulgarieVélane
17%
Toilettes des fillesTroll
17%
BaguetteBotruc
16%
EclabouilleGoule
15%
ArizonaOiseau-tonerre
14%
RideauDoxy
11%
ChicaneurJoncheruine
8%
Whisky pure maltAbraxan
8%
QuidditchVivet doré
7%
MuscEruptif
4%
ChoranaptyxieOccamy
4%
Ford AngliaAcromentula
2%

Distribution des résultats

Percentile by Number Answered

% des personnes avec chaque résultat

Votre développement - résultats

Vous n’avez pas pris ce quiz